It's good to talk (Record no. 65249)

MARC details
000 -LEADER
fixed length control field 01447cam a2200253 4500
001 - CONTROL NUMBER
control field ABS63186
008 - FIXED-LENGTH DATA ELEMENTS--GENERAL INFORMATION
fixed length control field 000000n2000 000 0 eng u
035 ## - SYSTEM CONTROL NUMBER
System control number (Sirsi) u109321
100 ## - MAIN ENTRY--PERSONAL NAME
Personal name Nicholson, G
245 ## - TITLE STATEMENT
Title It's good to talk
260 ## - PUBLICATION, DISTRIBUTION, ETC.
Date of publication, distribution, etc. 2000
490 ## - SERIES STATEMENT
Series statement Property Week
Volume/sequential designation 65(42) 27 October 2000, 98-99(2)
520 ## - SUMMARY, ETC.
Summary, etc. Discusses the results of a survey by Prudential to establish the main criticisms of its tenants. Approximately 500 of Prudential's tenants were questioned in the 'Lets Talk' survey, which is a move by Prudential to build its reputation as a service-oriented landlord. A key messages to emerge from the survey was a lack of communication from the landlord. Tenants illustrated they had a realistic agenda, and felt it was vital to have insight into the actitivites of the property supplier to avoid being presented with unexpected changes. Other concerns from tenants included irritation with making licence applications to internal layouts, high management fees, and inflexible leases. In response to the survey results, Prudential has relaunched its website and is building a more reliable database to improve communication.
590 ## - LOCAL NOTE (RLIN)
Local note ABS
650 ## - SUBJECT ADDED ENTRY--TOPICAL TERM
Topical term or geographic name entry element PRUDENTIAL
650 ## - SUBJECT ADDED ENTRY--TOPICAL TERM
Topical term or geographic name entry element COMMERCIAL LEASES
650 ## - SUBJECT ADDED ENTRY--TOPICAL TERM
Topical term or geographic name entry element COMMUNICATION
650 ## - SUBJECT ADDED ENTRY--TOPICAL TERM
Topical term or geographic name entry element OCCUPIER NEEDS
650 ## - SUBJECT ADDED ENTRY--TOPICAL TERM
Topical term or geographic name entry element BUSINESS TENANTS
650 ## - SUBJECT ADDED ENTRY--TOPICAL TERM
Topical term or geographic name entry element SURVEYS
690 ## - LOCAL SUBJECT ADDED ENTRY--TOPICAL TERM (OCLC, RLIN)
Topical term or geographic name as entry element PROPERTY-LANDLORD AND TENANT
700 ## - ADDED ENTRY--PERSONAL NAME
Personal name Sandeman, F
942 ## - ADDED ENTRY ELEMENTS (KOHA)
Suppress in OPAC 0
Holdings
Withdrawn status Lost status Source of classification or shelving scheme Damaged status Not for loan Home library Current library Shelving location Date acquired Total Checkouts Full call number Barcode Date last seen Copy number Price effective from Koha item type
    Dewey Decimal Classification     London London Journal article 14/11/2000   ABS63186 109321-1001 06/08/2019 1 06/08/2019 Journal article